Представление документа в формате RUSMARC

ПолеНазваниеЗначение
  Тип записи a
  Библиографический уровень a
001 Контрольный номер RU/CBS_Ul/BASE/512664857
005 Дата корректировки 20250122233007.7
100 Данные общей обработки __
a Данные общей обработки 20160330d2016 ||| 0rusy0189 ca
101 Язык документа 0_
a Язык текста rus
102 Страна публикации __
a Страна публикации RU
105 Кодированные данные (монография) __
a Кодированные данные (монография) y###||||000|y
200 Заглавие и сведения об ответственности 1_
a Заглавие Про жизнь нашу. Чем гордимся, а что настораживает?
b Общее обозначение материала Текст
e Сведения, относящиеся к заглавию [по данным Росстата, который подвёл черту социально-экономической ситуации в регионах, АиФ анализирует, как Ульяновская область выглядит на фоне других регионов РФ в инфляционный прошлый год]
f Первые сведения об ответственности Г. Ельцов
300 Общие примечания __
a Общие примечания Прил.: с. 4. - (Аргументы и факты в Ульяновске)
300 Общие примечания __
a Общие примечания Ограничения по возрасту - 16+
461 Уровень набора _0
1 2000
a Аргументы и факты
463 Уровень физической единицы _0
1 2000
a № 13 (30 мар.-5 апр.)
1 2101
d 2016
1 001RU/CBS_Ul/BASE/513274946
606 Тематические рубрики 0_
a Основная рубрика Ульяновская область - Социально-экономическое развитие
610 Ключевые слова 0_
a Ключевые слова статистика
610 Ключевые слова 0_
a Ключевые слова Росстат
610 Ключевые слова 0_
a Ключевые слова регионы
610 Ключевые слова 0_
a Ключевые слова инфляция
610 Ключевые слова 0_
a Ключевые слова социально-экономическое положение
610 Ключевые слова 0_
a Ключевые слова экономический потенциал
610 Ключевые слова 0_
a Ключевые слова инвестиции
610 Ключевые слова 0_
a Ключевые слова демография
610 Ключевые слова 0_
a Ключевые слова рождаемость
610 Ключевые слова 0_
a Ключевые слова уровень жизни
686 Индексы других классификаций __
a Классификационный индекс 65.9(2Рос235.54)
2 Код системы ББК
700 Автор _1
a Фамилия Ельцов
b Имя (инициалы) Г.
801 Источник записи _0
a Страна RU
b Организация МБУК ЦБС г. Ульяновска
c Дата составления 20160330
g Правила каталогизации RCR
801 Источник записи _1
a Страна RU
b Организация МБУК ЦБС г. Ульяновска
c Дата составления 20160330
g Правила каталогизации RCR
901 Тип документа __
t Тип документа f
w Контрольный № источника RU/CBS_Ul/BASE/513274946
910 Корректоры записи __
a Корректор записи Сидоркина
938 Служебная информация __
a Имя БД kraeved